| 000 | 01141cam a2200289 4500 | ||
|---|---|---|---|
| 005 | 20160104054239.0 | ||
| 008 | 710129s1970 pauabf b 001 0 eng | ||
| 020 | _a0870980270 | ||
| 040 |
_aDLC _cDLC _dDLC _dCO-BoIAVH |
||
| 041 | 0 | _aeng | |
| 043 | _as------ | ||
| 082 | 0 | 0 |
_a598.098 _bM61b |
| 100 | 1 |
_aMeyer de Schauensee, Rodolphe, _d1901- _945372 |
|
| 245 | 1 | 2 |
_aA guide to the birds of South America. _cIllustrated by Earl L. Poole, John R. Quinn, and George M. Sutton. |
| 260 |
_aWynnewood, Pa., _bPublished for the Academy of Natural Sciences of Philadelphia by Livingston Pub. Co. _c[1970] |
||
| 300 |
_axiv, 470 paginas. _billustraciones., mapas. _c22 x 15 cm. |
||
| 350 | _a$20.00 | ||
| 504 | _aBibliography: p. 435-436. | ||
| 650 |
_aBirds _zSouth America. _945373 |
||
| 700 | 1 |
_aPoole, Earl L., _eilustraciones. _945368 |
|
| 700 | 1 |
_aQuinn, John R., _eilustraciones _945369 |
|
| 700 | 1 |
_aSutton, George Miksch, _d1898-1982, _eilustraciones _945374 |
|
| 710 | 2 |
_aAcademy of Natural Sciences of Philadelphia. _945371 |
|
| 740 | 0 | _aBirds of South America. | |
| 906 |
_a7 _bcbc _corignew _d2 _encip _f19 _gy-gencatlg |
||
| 942 |
_2ddc _cLIBRO |
||
| 999 |
_c846 _d846 |
||